[Event "Maringa op 2nd"]
[Site "Maringa"]
[Date "2012.08.10"]
[Round "4"]
[White "Name, Gabriel Ricardo"]
[Black "Tsuboi, Edson Kenji"]
[Result "1/2-1/2"]
[WhiteElo "2160"]
[BlackElo "2308"]
[PlyCount "73"]
[EventDate "2012.08.08"]
[EventType "swiss"]
[EventRounds "9"]
[EventCountry "BRA"]
[SourceTitle "CBM 149 Extra"]
[Source "ChessBase"]
[SourceDate "2012.08.24"]
[SourceVersion "1"]
[SourceVersionDate "2012.08.24"]
[SourceQuality "1"]

1. d4 Nf6 2. c4 e6 3. Nc3 Bb4 4. e3 0-0 5. Nge2 d5 6. a3 Be7 7. cxd5 exd5 8. g3 c6 9. Bg2 Re8 10. 0-0 Na6 11. h3 Nc7 12. g4 a6 13. Ng3 Nb5 14. Bd2 Nd6 15. b3 Bf8 16. Qc2 g6 17. f3 Bg7 18. a4 h5 19. Nce2 hxg4 20. hxg4 Bd7 21. Rad1 Rc8 22. Qc1 Qb6 23. Qb2 Qc7 24. Nf4 Bf8 25. Qc3 Qd8 26. Nd3 Bg7 27. Nc5 Qe7 28. Nxd7 Qxd7 29. Qd3 Re7 30. Rde1 Rce8 31. Nh1 Nh7 32. Nf2 f5 33. Re2 Ng5 34. Nh3 Ne6 35. Ree1 fxg4 36. fxg4 Ne4 37. Bb4 1/2-1/2

[Event "Sao Jose de Rio Preto 160 Anos"]
[Site "Sao Jose do Rio Preto"]
[Date "2012.03.24"]
[Round "4"]
[White "Jorge, Denrick Cabral Jose"]
[Black "Name, Gabriel Ricardo"]
[Result "0-1"]
[WhiteElo "1929"]
[BlackElo "2175"]
[PlyCount "75"]
[EventDate "2012.03.23"]
[EventType "swiss"]
[EventRounds "6"]
[EventCountry "BRA"]
[SourceTitle "CBM 147 Extra"]
[Source "ChessBase"]
[SourceDate "2012.04.24"]
[SourceVersion "1"]
[SourceVersionDate "2012.04.24"]
[SourceQuality "1"]

1. e4 c5 2. Nf3 d6 3. d4 cxd4 4. Nxd4 e6 5. Nc3 Be7 6. Be3 Nc6 7. Bc4 Nf6 8. g4 d5 9. Bd3 e5 10. Nxc6 bxc6 11. exd5 Bxg4 12. f3 Nxd5 13. fxg4 Nxe3 14. Qf3 Bh4+ 15. Ke2 Nd5 16. Nxd5 Qxd5 17. Be4 Qb5+ 18. Qd3 Rb8 19. b3 g6 20. c4 Qc5 21. Qe3 Qxe3+ 22. Kxe3 Kd7 23. Rad1+ Kc7 24. Rd3 Rbd8 25. Rhd1 Rxd3+ 26. Bxd3 Bg5+ 27. Ke4 h5 28. h3 hxg4 29. hxg4 Bf4 30. Kf3 Rh3+ 31. Kf2 Rh2+ 32. Kf3 Rxa2 33. Rh1 Bh2 34. c5 Rb2 35. Bc4 f5 36. Be6 fxg4+ 37. Kxg4 Kd8 38. Bf7 0-1

[Event "Sao Jose de Rio Preto 160 Anos"]
[Site "Sao Jose do Rio Preto"]
[Date "2012.03.23"]
[Round "2"]
[White "Branchini, Fernando Luis Sakam"]
[Black "Name, Gabriel Ricardo"]
[Result "1/2-1/2"]
[WhiteElo "1966"]
[BlackElo "2175"]
[PlyCount "95"]
[EventDate "2012.03.23"]
[EventType "swiss"]
[EventRounds "6"]
[EventCountry "BRA"]
[SourceTitle "CBM 147 Extra"]
[Source "ChessBase"]
[SourceDate "2012.04.24"]
[SourceVersion "1"]
[SourceVersionDate "2012.04.24"]
[SourceQuality "1"]

1. e4 e6 2. d4 d5 3. e5 c5 4. c3 Qb6 5. Nf3 Bd7 6. Be2 Nc6 7. 0-0 Nh6 8. Qb3 Qxb3 9. axb3 cxd4 10. Bxh6 gxh6 11. cxd4 Bg7 12. Nc3 0-0 13. Na4 b6 14. Nc3 f6 15. exf6 Bxf6 16. Bb5 Rf7 17. Bxc6 Bxc6 18. Rfe1 Re7 19. Ne5 Be8 20. f4 Rd8 21. Ra6 Rb7 22. Rea1 Ra8 23. Re1 Rc8 24. Raa1 a5 25. f5 exf5 26. Nxd5 Bg7 27. Nf3 Kf8 28. Ne3 Bd7 29. Nc4 Rd8 30. Nce5 Be6 31. b4 axb4 32. Nc6 Re8 33. Nxb4 Bd7 34. Rxe8+ Bxe8 35. Rd1 Bh5 36. Rd2 Ke7 37. Nh4 Bg6 38. Nxg6+ hxg6 39. Kf2 Kd6 40. Ke3 Re7+ 41. Kd3 b5 42. Nc2 g5 43. Re2 Rf7 44. Re8 f4 45. Ra8 Kc6 46. Ra6+ Kb7 47. Re6 Bf8 48. Re5 1/2-1/2

[Event "Batatais op 2nd"]
[Site "Batatais"]
[Date "2011.12.17"]
[Round "4"]
[White "Dias, Simao Poscidonio"]
[Black "Name, Gabriel Ricardo"]
[Result "1/2-1/2"]
[WhiteElo "2067"]
[BlackElo "2157"]
[PlyCount "85"]
[EventDate "2011.12.16"]
[EventType "swiss"]
[EventRounds "6"]
[EventCountry "BRA"]
[SourceTitle "EXT 2013"]
[Source "ChessBase"]
[SourceDate "2012.11.22"]
[SourceVersion "1"]
[SourceVersionDate "2012.11.22"]
[SourceQuality "1"]

1. e4 e5 2. f4 exf4 3. Nf3 d5 4. exd5 Nf6 5. c4 c6 6. d4 cxd5 7. Bxf4 Bb4+ 8. Bd2 Be7 9. cxd5 Nxd5 10. Bb5+ Nc6 11. Nc3 Be6 12. 0-0 0-0 13. Nxd5 Qxd5 14. Qa4 Rfd8 15. Bc3 Rac8 16. a3 a6 17. Bxc6 Rxc6 18. Ne5 Rcc8 19. Rad1 Qb3 20. Qxb3 Bxb3 21. Rde1 Bxa3 22. Re3 Bf8 23. Ba5 Rd5 24. Rxb3 Rxa5 25. Rxb7 f6 26. Nf3 Rd5 27. b4 Rb5 28. Ra7 Rc6 29. Ra1 Rbb6 30. Ra8 Rxb4 31. R8xa6 Rc2 32. R6a2 Rbb2 33. Rxb2 Rxb2 34. Ra7 g6 35. Rd7 Bh6 36. Re7 Bf8 37. Rd7 Re2 38. Kf1 Re8 39. Kf2 Re7 40. Rxe7 Bxe7 41. Ke3 Kf7 42. Ke4 Ke6 43. d5+ 1/2-1/2

[Event "Batatais op 2nd"]
[Site "Batatais"]
[Date "2011.12.16"]
[Round "1"]
[White "Kajiwara, Joao Kazuyuki"]
[Black "Name, Gabriel Ricardo"]
[Result "0-1"]
[WhiteElo "1254"]
[BlackElo "2157"]
[PlyCount "56"]
[EventDate "2011.12.16"]
[EventType "swiss"]
[EventRounds "6"]
[EventCountry "BRA"]
[SourceTitle "EXT 2013"]
[Source "ChessBase"]
[SourceDate "2012.11.22"]
[SourceVersion "1"]
[SourceVersionDate "2012.11.22"]
[SourceQuality "1"]

1. e4 e5 2. Nf3 Nf6 3. Nxe5 d6 4. Nf3 Nxe4 5. d3 Nf6 6. Be2 Nc6 7. 0-0 Be7 8. h3 h6 9. c3 Bf5 10. Be3 d5 11. Nh4 Be6 12. Nf3 Qd7 13. Nbd2 Bd6 14. d4 a6 15. Re1 0-0 16. Nb3 Ne4 17. Nh2 f5 18. Rc1 b6 19. c4 Bb4 20. Nd2 f4 21. Nxe4 fxe3 22. fxe3 Bxe1 23. Qxe1 dxe4 24. d5 Ne5 25. dxe6 Qxe6 26. c5 Nd3 27. Qc3 Nxc1 28. Bc4 Kh8 0-1

[Event "Santos Paulista-ch"]
[Site "Santos"]
[Date "2011.12.03"]
[Round "4"]
[White "Name, Gabriel Ricardo"]
[Black "Aranha Filho, Alvaro Zimmermann"]
[Result "1/2-1/2"]
[WhiteElo "2157"]
[BlackElo "2315"]
[PlyCount "53"]
[EventDate "2011.12.02"]
[EventType "swiss"]
[EventRounds "6"]
[EventCountry "BRA"]
[SourceTitle "CBM 146 Extra"]
[Source "ChessBase"]
[SourceDate "2012.02.29"]
[SourceVersion "1"]
[SourceVersionDate "2012.02.29"]
[SourceQuality "1"]

1. d4 Nf6 2. c4 e6 3. Nc3 Bb4 4. e3 0-0 5. Nge2 d5 6. cxd5 exd5 7. g3 c6 8. Bg2 Ne4 9. 0-0 Nxc3 10. bxc3 Bd6 11. f3 f5 12. Qb3 Kh8 13. Bd2 Nd7 14. c4 dxc4 15. Qxc4 Nb6 16. Qb3 Qe7 17. e4 fxe4 18. fxe4 Be6 19. Qc2 Nc4 20. Bc1 Bc7 21. Qc3 Ba5 22. Qd3 Bb6 23. Bf4 Rad8 24. Kh1 Bxd4 25. Nxd4 c5 26. Bg5 Qd7 27. Rad1 1/2-1/2

[Event "BRA-ch sf"]
[Site "Brasilia"]
[Date "2011.10.29"]
[Round "2"]
[White "Mekhitarian, Krikor Sevag"]
[Black "Name, Gabriel Ricardo"]
[Result "1-0"]
[WhiteElo "2488"]
[BlackElo "2137"]
[PlyCount "51"]
[EventDate "2011.10.29"]
[EventType "swiss"]
[EventRounds "8"]
[EventCountry "BRA"]
[SourceTitle "EXT 2012"]
[Source "ChessBase"]
[SourceDate "2011.11.24"]
[SourceVersion "1"]
[SourceVersionDate "2011.11.24"]
[SourceQuality "1"]

1. d4 Nf6 2. c4 e6 3. Nc3 d5 4. Nf3 Be7 5. Bf4 0-0 6. e3 c5 7. dxc5 Bxc5 8. cxd5 exd5 9. Be2 Be6 10. 0-0 Ne4 11. Nxe4 dxe4 12. Ng5 Bf5 13. Qc2 Qe7 14. Bf3 Rc8 15. Bxe4 Bxe3 16. Qb3 Bxf4 17. Bxf5 Rf8 18. Nxh7 Re8 19. g3 Be5 20. Rad1 a5 21. Rfe1 Qc7 22. Ng5 Re7 23. Rxe5 Rxe5 24. Rd8+ Qxd8 25. Qxf7+ Kh8 26. Qh5+ 1-0

[Event "BRA-ch sf"]
[Site "Brasilia"]
[Date "2011.10.29"]
[Round "1"]
[White "Name, Gabriel Ricardo"]
[Black "Cardoso, Helio"]
[Result "1-0"]
[WhiteElo "2137"]
[BlackElo "1924"]
[PlyCount "51"]
[EventDate "2011.10.29"]
[EventType "swiss"]
[EventRounds "8"]
[EventCountry "BRA"]
[SourceTitle "EXT 2012"]
[Source "ChessBase"]
[SourceDate "2011.11.24"]
[SourceVersion "1"]
[SourceVersionDate "2011.11.24"]
[SourceQuality "1"]

1. d4 d5 2. c4 e5 3. dxe5 d4 4. Bf4 Nc6 5. Nd2 Nge7 6. Ngf3 Ng6 7. Bg3 Bb4 8. a3 Bxd2+ 9. Qxd2 Bg4 10. 0-0-0 Bxf3 11. exf3 0-0 12. f4 Qe7 13. Bd3 Rad8 14. h4 Rfe8 15. h5 Nf8 16. h6 g6 17. Bh4 Qc5 18. b4 Nxb4 19. axb4 Qc6 20. Bxd8 Rxd8 21. f5 b5 22. Qc2 bxc4 23. Bxc4 Qb6 24. Qb3 Rd7 25. e6 fxe6 26. Bxe6+ 1-0

[Event "BRA-ch Seniors 24th"]
[Site "Balneario Camboriu"]
[Date "2011.07.10"]
[Round "7"]
[White "Segal, Alexandru Sorin"]
[Black "Name, Gabriel Ricardo"]
[Result "1/2-1/2"]
[WhiteElo "2147"]
[BlackElo "2137"]
[PlyCount "30"]
[EventDate "2011.07.07"]
[EventType "swiss"]
[EventRounds "7"]
[EventCountry "BRA"]
[SourceTitle "EXT 2019"]
[Source "ChessBase"]
[SourceDate "2018.10.10"]
[SourceVersion "1"]
[SourceVersionDate "2018.10.10"]
[SourceQuality "1"]

1. e4 e5 2. Nf3 Nc6 3. Nc3 Nf6 4. d3 h6 5. g3 Bc5 6. Bg2 a6 7. 0-0 0-0 8. Be3 Bxe3 9. fxe3 d6 10. Qe2 Be6 11. h3 d5 12. Nxd5 Nxd5 13. exd5 Bxd5 14. e4 Be6 15. Kh2 Nd4 1/2-1/2

[Event "Campinas Rocha Memorial 1st"]
[Site "Campinas"]
[Date "2011.01.24"]
[Round "12"]
[White "Name, Gabriel Ricardo"]
[Black "Santos, Marcus Vinicius M"]
[Result "1/2-1/2"]
[WhiteElo "2138"]
[BlackElo "2365"]
[PlyCount "90"]
[EventDate "2011.01.13"]
[EventType "tourn"]
[EventRounds "13"]
[EventCountry "BRA"]
[EventCategory "8"]
[SourceTitle "CBM 140 Extra"]
[Source "ChessBase"]
[SourceDate "2011.03.01"]
[SourceVersion "1"]
[SourceVersionDate "2011.03.01"]
[SourceQuality "1"]

1. d4 d5 2. Nf3 Nf6 3. c4 e6 4. cxd5 exd5 5. Bg5 c6 6. Nc3 Be7 7. e3 Bf5 8. Be2 0-0 9. 0-0 Nbd7 10. a3 a5 11. Rc1 Ne4 12. Bf4 Nxc3 13. Rxc3 a4 14. h3 Nf6 15. Bd3 Bxd3 16. Qxd3 Ne4 17. Rc2 Bd6 18. Bxd6 Nxd6 19. Nd2 Re8 20. Rb1 Ra6 21. Re1 Qh4 22. Nf3 Qe7 23. Qd1 f6 24. Ree2 b5 25. Ne1 Nc4 26. Nd3 Qd6 27. Qe1 Ra7 28. Qb4 Qxb4 29. Nxb4 Re6 30. Nd3 Kf7 31. Ne1 Re8 32. Nd3 Rae7 33. Kf1 Ke6 34. Ke1 Kd6 35. Kd1 g5 36. Ke1 h5 37. g3 Rh7 38. Kf1 h4 39. g4 f5 40. gxf5 Rf7 41. Kg2 Rxf5 42. Rc1 Re4 43. Kh2 g4 44. hxg4 Rxg4 45. Rg1 Rxg1 1/2-1/2

[Event "Ribeirao Preto RECRA 1st"]
[Site "Ribeirao Preto"]
[Date "2010.12.05"]
[Round "5.1"]
[White "Barbosa, Evandro Amorim"]
[Black "Name, Gabriel Ricardo"]
[Result "1/2-1/2"]
[WhiteElo "2352"]
[BlackElo "2153"]
[PlyCount "41"]
[EventDate "2010.12.03"]
[EventType "swiss"]
[EventRounds "6"]
[EventCountry "BRA"]
[SourceTitle "EXT 2022"]
[Source "ChessBase"]
[SourceDate "2021.10.06"]
[SourceVersion "1"]
[SourceVersionDate "2021.10.06"]
[SourceQuality "1"]

1. e4 e6 2. d4 d5 3. Nc3 dxe4 4. Nxe4 Nd7 5. Nf3 Ngf6 6. Nxf6+ Nxf6 7. c3 c5 8. Ne5 Qa5 9. Qb3 Be7 10. Bb5+ Kf8 11. 0-0 h6 12. Be3 Qc7 13. Bf4 Qb6 14. Nc4 Qd8 15. dxc5 Bxc5 16. Rad1 Nd7 17. Ne3 Bxe3 18. Bxe3 Qc7 19. Qa3+ Ke8 20. Bc5 a6 21. c4 1/2-1/2

[Event "Ribeirao Preto RECRA 1st"]
[Site "Ribeirao Preto"]
[Date "2010.12.03"]
[Round "2.5"]
[White "Name, Gabriel Ricardo"]
[Black "De Oliveira, Peter"]
[Result "1-0"]
[WhiteElo "2153"]
[BlackElo "1880"]
[PlyCount "75"]
[EventDate "2010.12.03"]
[EventType "swiss"]
[EventRounds "6"]
[EventCountry "BRA"]
[SourceTitle "EXT 2022"]
[Source "ChessBase"]
[SourceDate "2021.10.06"]
[SourceVersion "1"]
[SourceVersionDate "2021.10.06"]
[SourceQuality "1"]

1. d4 Nf6 2. Nf3 g6 3. Bg5 Bg7 4. c4 0-0 5. Nc3 d6 6. e4 c5 7. d5 h6 8. Bh4 Bg4 9. Be2 Nbd7 10. 0-0 a6 11. h3 Bxf3 12. Bxf3 Rb8 13. a4 Nh7 14. Be2 Re8 15. Bg3 Qb6 16. Ra3 Qa5 17. Qc2 Rbd8 18. f4 Bd4+ 19. Kh1 Nhf6 20. Be1 Qc7 21. Bd3 Nh7 22. a5 h5 23. Na4 Rb8 24. Rb3 Nhf8 25. Qd1 Bf6 26. g4 hxg4 27. Qxg4 Bd4 28. Qg2 Kg7 29. Nc3 Bf6 30. h4 Qxa5 31. h5 Qd8 32. hxg6 fxg6 33. e5 dxe5 34. Rg1 Kh8 35. Bxg6 Nh7 36. Bxh7 exf4 37. Qh3 Bg7 38. Bf5+ 1-0

[Event "Ribeirao Preto RECRA 2nd A"]
[Site "Ribeirao Preto"]
[Date "2010.10.28"]
[Round "9.3"]
[White "Brandao, Renan Alves"]
[Black "Name, Gabriel Ricardo"]
[Result "1-0"]
[WhiteElo "2043"]
[BlackElo "2153"]
[PlyCount "59"]
[EventDate "2010.10.15"]
[EventType "tourn"]
[EventRounds "9"]
[EventCountry "BRA"]
[SourceTitle "EXT 2022"]
[Source "ChessBase"]
[SourceDate "2021.10.06"]
[SourceVersion "1"]
[SourceVersionDate "2021.10.06"]
[SourceQuality "1"]

1. d4 Nf6 2. c4 e6 3. Nf3 b6 4. g3 Ba6 5. Qa4 c6 6. Bg2 b5 7. cxb5 cxb5 8. Qb3 Nc6 9. 0-0 b4 10. Re1 Be7 11. e4 Bb5 12. d5 Na5 13. Qd1 Bc5 14. Be3 Bxe3 15. Rxe3 0-0 16. Nd4 Ba6 17. Nd2 Qb6 18. N4b3 Nb7 19. g4 exd5 20. e5 d4 21. Rh3 Ne8 22. Be4 g6 23. Nf3 d6 24. Qd2 f5 25. Bd5+ Rf7 26. Bxf7+ Kxf7 27. Rxh7+ Ng7 28. Qh6 Rg8 29. e6+ Kf8 30. e7+ 1-0

[Event "Ribeirao Preto RECRA 2nd A"]
[Site "Ribeirao Preto"]
[Date "2010.10.27"]
[Round "8.4"]
[White "Name, Gabriel Ricardo"]
[Black "Da Silva, Cleber Alex"]
[Result "1/2-1/2"]
[WhiteElo "2153"]
[BlackElo "2048"]
[PlyCount "112"]
[EventDate "2010.10.15"]
[EventType "tourn"]
[EventRounds "9"]
[EventCountry "BRA"]
[SourceTitle "EXT 2022"]
[Source "ChessBase"]
[SourceDate "2021.10.06"]
[SourceVersion "1"]
[SourceVersionDate "2021.10.06"]
[SourceQuality "1"]

1. c4 Nf6 2. d4 d5 3. cxd5 Nxd5 4. Nf3 g6 5. e4 Nb6 6. h3 Bg7 7. Nc3 c6 8. Be3 0-0 9. Rc1 N8d7 10. Be2 e5 11. 0-0 Qe8 12. Qb3 exd4 13. Nxd4 Nc5 14. Qc2 Ne6 15. Nb3 f5 16. f4 fxe4 17. Qxe4 Nc7 18. Qxe8 Rxe8 19. Bd4 Ncd5 20. Bxg7 Kxg7 21. Nxd5 Nxd5 22. Bd3 Ne3 23. Rf3 Bf5 24. Bxf5 Nxf5 25. g4 Re3 26. Kf2 Rxf3+ 27. Kxf3 Ne7 28. Nc5 b6 29. Ne6+ Kf6 30. Ng5 h6 31. Ne4+ Kg7 32. Rd1 Nd5 33. Rd4 Re8 34. b4 b5 35. a3 Re7 36. Kg3 a6 37. Kf3 Re8 38. Kg3 Re7 39. h4 Re8 40. Kf3 Re7 41. f5 gxf5 42. gxf5 Re5 43. Kg4 h5+ 44. Kg5 Ne7 45. Ng3 c5 46. bxc5 Rxc5 47. Rd3 Kf7 48. Rf3 a5 49. Kxh5 b4 50. axb4 axb4 51. Kg5 Rc3 52. Rxc3 bxc3 53. Ne2 c2 54. h5 Ng8 55. Nc1 Kg7 56. Nd3 Kf7 1/2-1/2

[Event "Ribeirao Preto Mogiano 1st"]
[Site "Ribeirao Preto"]
[Date "2010.08.08"]
[Round "9.4"]
[White "Macri, Apparecido Jr"]
[Black "Name, Gabriel Ricardo"]
[Result "0-1"]
[WhiteElo "1936"]
[BlackElo "2142"]
[PlyCount "58"]
[EventDate "2010.07.30"]
[EventType "tourn"]
[EventRounds "9"]
[EventCountry "BRA"]
[SourceTitle "EXT 2022"]
[Source "ChessBase"]
[SourceDate "2021.10.06"]
[SourceVersion "1"]
[SourceVersionDate "2021.10.06"]
[SourceQuality "1"]

1. d4 d5 2. Nf3 Nf6 3. e3 Bg4 4. Nbd2 e6 5. Bd3 Nbd7 6. 0-0 Bd6 7. h3 Bh5 8. Qe1 0-0 9. c4 c5 10. b3 e5 11. dxe5 Nxe5 12. Nxe5 Bxe5 13. Rb1 Bc3 14. g4 dxc4 15. Bxc4 Bg6 16. Rb2 Ne4 17. Rc2 Qh4 18. Kg2 Bxd2 19. Bxd2 Ng5 20. Rh1 Bxc2 21. Bd5 Be4+ 22. Bxe4 Nxe4 23. Bc1 f5 24. Kf3 Rad8 25. Rh2 fxg4+ 26. Ke2 g3 27. f3 gxh2 28. Qxh4 h1Q 29. Qxe4 Rd1 0-1

[Event "Ribeirao Preto Mogiano 1st"]
[Site "Ribeirao Preto"]
[Date "2010.08.07"]
[Round "3.1"]
[White "Name, Gabriel Ricardo"]
[Black "De Oliveira, Peter"]
[Result "1-0"]
[WhiteElo "2142"]
[BlackElo "1880"]
[PlyCount "77"]
[EventDate "2010.07.30"]
[EventType "tourn"]
[EventRounds "9"]
[EventCountry "BRA"]
[SourceTitle "EXT 2022"]
[Source "ChessBase"]
[SourceDate "2021.10.06"]
[SourceVersion "1"]
[SourceVersionDate "2021.10.06"]
[SourceQuality "1"]

1. d4 Nf6 2. c4 c5 3. d5 b5 4. cxb5 a6 5. b6 d6 6. Nc3 g6 7. Nf3 Bg7 8. Nd2 Nbd7 9. e4 Nxb6 10. Be2 0-0 11. Rb1 a5 12. 0-0 Ne8 13. Nb5 Nc7 14. Na3 Bb7 15. b3 Na6 16. Bb2 a4 17. Bxg7 Kxg7 18. Nac4 Nxc4 19. bxc4 Qc7 20. a3 Nb8 21. Qc2 Ra7 22. Rb2 Nd7 23. Rfb1 Rb8 24. Bg4 Ne5 25. Bh3 Nd7 26. Bxd7 Qxd7 27. Rb6 f6 28. Qb2 Kf7 29. h3 h5 30. f4 Qc7 31. e5 dxe5 32. fxe5 Qxe5 33. Qxe5 fxe5 34. Ne4 Bxd5 35. Ng5+ Kg7 36. Rxb8 Bxc4 37. R1b7 Rxb7 38. Rxb7 Kf6 39. Ne4+ 1-0

[Event "Ribeirao Preto Canarinho 1st U2200"]
[Site "Ribeirao Preto"]
[Date "2010.05.30"]
[Round "5.4"]
[White "Jardim, Daphne Tofano"]
[Black "Name, Gabriel Ricardo"]
[Result "0-1"]
[WhiteElo "1967"]
[BlackElo "2157"]
[PlyCount "134"]
[EventDate "2010.05.28"]
[EventType "swiss"]
[EventRounds "6"]
[EventCountry "BRA"]
[SourceTitle "EXT 2022"]
[Source "ChessBase"]
[SourceDate "2021.10.06"]
[SourceVersion "1"]
[SourceVersionDate "2021.10.06"]
[SourceQuality "1"]

1. d4 d5 2. c4 dxc4 3. Nf3 a6 4. e3 b5 5. a4 Bb7 6. axb5 axb5 7. Rxa8 Bxa8 8. b3 e6 9. bxc4 bxc4 10. Bxc4 Nf6 11. 0-0 Bd6 12. Qa4+ Bc6 13. Bb5 Bxb5 14. Qxb5+ c6 15. Qb3 0-0 16. Ba3 Re8 17. Rc1 Bc7 18. Nc3 Nd5 19. Na4 g5 20. Nc5 g4 21. Nd2 e5 22. Nb7 Qf6 23. Ne4 Qg6 24. Ned6 Re6 25. dxe5 Rxe5 26. Qc2 Qh5 27. Bb2 Re6 28. Qf5 Qg6 29. Qxg6+ hxg6 30. Ba3 f5 31. g3 Nf6 32. Nc4 Ne4 33. Nc5 Nxc5 34. Bxc5 Nd7 35. Bb4 Ne5 36. Ba5 Bxa5 37. Nxa5 Rd6 38. Nb3 Kf7 39. Nd4 Ke7 40. Rc5 Nf3+ 41. Nxf3 gxf3 42. h4 Rd1+ 43. Kh2 Kd6 44. Ra5 Rf1 45. Ra2 Kd5 46. g4 fxg4 47. Kg3 Rg1+ 48. Kf4 c5 49. Ra6 c4 50. Rxg6 c3 51. e4+ Kc5 52. Rg7 g3 53. Rc7+ Kd4 54. Kxf3 gxf2 55. Kxf2 Rh1 56. Kg3 Kd3 57. e5 c2 58. Kg4 c1Q 59. Rxc1 Rxc1 60. e6 Ke4 61. Kg5 Ke5 62. e7 Rg1+ 63. Kh6 Rg8 64. h5 Kf6 65. Kh7 Re8 66. h6 Rxe7+ 67. Kg8 Kg6 0-1